000 00279nam a2200133Ia 4500
100 _aLevine/William S
942 _cBK
654 _acontrol handbook
245 _aThe Control Handbook
260 _bCRC Press
_aNONE
_c1996
300 _a1548
546 _aENGLISH
999 _c23288
_d23288